Historical criticism of the Bible : (Record no. 6300)
[ view plain ]
| 000 -LEADER | |
|---|---|
| fixed length control field | 01889cam a2200373 a 4500 |
| 001 - CONTROL NUMBER | |
| control field | 21406302 |
| 003 - CONTROL NUMBER IDENTIFIER | |
| control field | OCoLC |
| 005 - DATE AND TIME OF LATEST TRANSACTION | |
| control field | 20190116153349.0 |
| 008 - FIXED-LENGTH DATA ELEMENTS--GENERAL INFORMATION | |
| fixed length control field | 900316s1990 miu b 001 0deng |
| 010 ## - LIBRARY OF CONGRESS CONTROL NUMBER | |
| LC control number | 90034958 |
| 020 ## - INTERNATIONAL STANDARD BOOK NUMBER | |
| International Standard Book Number | 0801056624 |
| 020 ## - INTERNATIONAL STANDARD BOOK NUMBER | |
| International Standard Book Number | 9780801056628 |
| 035 ## - SYSTEM CONTROL NUMBER | |
| System control number | (OCoLC)21406302 |
| 040 ## - CATALOGING SOURCE | |
| Original cataloging agency | DLC |
| Transcribing agency | DLC |
| Modifying agency | BTCTA |
| -- | BAKER |
| -- | YDXCP |
| -- | CVN |
| -- | HNW |
| 041 1# - LANGUAGE CODE | |
| Language code of text/sound track or separate title | eng |
| Language code of original | ger |
| 050 00 - LIBRARY OF CONGRESS CALL NUMBER | |
| Classification number | BT1102 |
| Item number | .L4913 1990 |
| 082 00 - DEWEY DECIMAL CLASSIFICATION NUMBER | |
| Classification number | 220.6 |
| Edition number | 20 |
| Item number | L758H |
| 092 ## - LOCALLY ASSIGNED DEWEY CALL NUMBER (OCLC) | |
| Classification number | 220.601 |
| Item number | L7587 |
| 100 1# - MAIN ENTRY--PERSONAL NAME | |
| Personal name | Linnemann, Eta. |
| 240 10 - UNIFORM TITLE | |
| Uniform title | Wissenschaft oder Meinung? |
| Language of a work | English |
| 245 10 - TITLE STATEMENT | |
| Title | Historical criticism of the Bible : |
| Remainder of title | methodology or ideology? / |
| Statement of responsibility, etc. | Eta Linnemann ; translated from the German edition, Wissenchaft oder Meinung? Anfragen und Alternativen, by Robert W. Yarbrough. |
| 260 ## - PUBLICATION, DISTRIBUTION, ETC. | |
| Place of publication, distribution, etc. | Grand Rapids, Mich. : |
| Name of publisher, distributor, etc. | Baker Book House, |
| Date of publication, distribution, etc. | c1990. |
| 300 ## - PHYSICAL DESCRIPTION | |
| Extent | 169 p. ; |
| Dimensions | 22 cm. |
| 504 ## - BIBLIOGRAPHY, ETC. NOTE | |
| Bibliography, etc. note | Includes bibliographical references and indexes. |
| 505 0# - FORMATTED CONTENTS NOTE | |
| Formatted contents note | Christianity and the modern university. The anti-Christian roots of the university ; Pertinent questions concerning the university ; Ancient Israel and the modern West ; Christian education at the university level ; The Bible and modern man -- God's word and historical-critical theology. The study of historical-critical theology ; The faith of theology and the theology of faith ; The mentality of historical-critical theology ; Historical-critical theology and evangelical theology ; The word of God. |
| 600 10 - SUBJECT ADDED ENTRY--PERSONAL NAME | |
| Personal name | Linnemann, Eta. |
| 630 00 - SUBJECT ADDED ENTRY--UNIFORM TITLE | |
| Uniform title | Bible |
| General subdivision | Evidences, authority, etc. |
| 630 00 - SUBJECT ADDED ENTRY--UNIFORM TITLE | |
| Uniform title | Bible |
| General subdivision | Hermeneutics. |
| 650 #0 - SUBJECT ADDED ENTRY--TOPICAL TERM | |
| Topical term or geographic name entry element | Apologetics. |
| 650 #0 - SUBJECT ADDED ENTRY--TOPICAL TERM | |
| Topical term or geographic name entry element | Evangelicalism. |
| 650 #0 - SUBJECT ADDED ENTRY--TOPICAL TERM | |
| Topical term or geographic name entry element | Word of God (Christian theology) |
| 776 08 - ADDITIONAL PHYSICAL FORM ENTRY | |
| Relationship information | Online version: |
| Main entry heading | Linnemann, Eta. |
| Uniform title | Wissenschaft oder Meinung? English. |
| Title | Historical criticism of the Bible. |
| Place, publisher, and date of publication | Grand Rapids, Mich. : Baker Book House, c1990 |
| Record control number | (OCoLC)555448642 |
| 942 ## - ADDED ENTRY ELEMENTS (KOHA) | |
| Source of classification or shelving scheme | Dewey Decimal Classification |
| Koha item type | Books |
| Withdrawn status | Lost status | Source of classification or shelving scheme | Damaged status | Not for loan | Collection code | Home library | Current library | Shelving location | Date acquired | Cost, normal purchase price | Total Checkouts | Full call number | Barcode | Date last seen | Price effective from | Koha item type |
|---|---|---|---|---|---|---|---|---|---|---|---|---|---|---|---|---|
| Dewey Decimal Classification | Non-fiction | Harvest Mission College | Harvest Mission College | General Stacks | 16.01.2019 | 950.00 | 220.6 L758H | 007473 | 16.01.2019 | 16.01.2019 | Books |
